00378 2200157 4500001002100000005001500021035002000036245004100056100001600097300001200113260003900125082000800164084001400172020002200186990001200208INLIS00000000000176620250505031659 a0010-05250000581 aMy Possessive Husband /cAniintn Ptr0 aAniintn Ptr a260 hlm aJakarta :bTakis Publishing,c2020 a800 a800 ANI m a978-623-96165-3-3 a0754601